• 首页
  • 本馆介绍
  • 公告通知
  • 最新文献
  • 馆藏检索
  • 电子资源
  • 读者导购
  • 参考咨询
  • 我的图书馆
  • 登录
  • 详细信息显示
  • 放入我的书架
  • 预约/预借图书
  • 作者相关作品
  • 分类相关作品
  • 丛书相关作品
  • 出版社相关作品

书目信息

  • 表格格式
  • 工作单格式
  • 卡片格式
题名:
动力心理学
    
 
作者: 罗伯特·武德沃斯 著
分册:  
出版信息: 北京   中国人民大学出版社  2017.09
页数: 198页
开本: 23cm
丛书名:
单 册:
中图分类: B024 , B84
科图分类:
主题词: 动力(哲学)--心理学
电子资源:
ISBN: 978-7-300-23941-5
000 00953nam0 2200229 450
001 3620
005 20180527171751.42
010    @a978-7-300-23941-5@dCNY45.00
100    @a20170122d2017 em y0chiy0110 ea
101 0  @achi
102    @aCN@b110000
105    @ay z 000yy
200 1  @a动力心理学@9dong li xin li xue@f(美)罗伯特·武德沃斯著
210    @a北京@c中国人民大学出版社@d2017.09
215    @a198页@d23cm
330    @a《动力心理学》的作者武德沃斯是美国哥伦比亚机能心理学的主要代表,本书是作者的代表作之一,集中表述了作者的机能主义观点,作者在本书中提出人类的行为是由内部的动力所驱使的,并深入剖析了当时心理学思想以及研究方法中的种种问题,本书的出版在西方世界的心理学领域产生了重要影响,并未后来的心理咨询领域的发展奠定了非常重要的基础。
606 0  @a动力(哲学)@x心理学
690    @aB024@v5
690    @aB84@v5
701  0 @c(美)@a罗伯特·武德沃斯@9luo bo te · wu de wo si@4著
801  0 @aCN@b91CIP@c20170122
905    @aMuseLib@dB024@e126
    
    动力心理学/(美)罗伯特·武德沃斯著.-北京:中国人民大学出版社,2017.09
    198页;23cm
    
    
    ISBN 978-7-300-23941-5:CNY45.00
    《动力心理学》的作者武德沃斯是美国哥伦比亚机能心理学的主要代表,本书是作者的代表作之一,集中表述了作者的机能主义观点,作者在本书中提出人类的行为是由内部的动力所驱使的,并深入剖析了当时心理学思想以及研究方法中的种种问题,本书的出版在西方世界的心理学领域产生了重要影响,并未后来的心理咨询领域的发展奠定了非常重要的基础。
●
相关链接 在E读中查询图书 在五车中查询图书 在当当中查询图书 在豆瓣中查询图书


正题名:动力心理学     索取号:B024/126         预约/预借

序号 登录号 条形码 馆藏地/架位号 状态 备注
1 1109936   211099363   第一样本阅览室/ [索取号:B024/126] 在馆    
2 1109937   211099372   教育系资料室/ [索取号:B024/126] 在馆    
3 1109938   211099381   教育系资料室/ [索取号:B024/126] 在馆    
4 1109939   211099390   第一借阅区/ [索取号:B024/126] 在馆    
唐山师范学院图书馆 欢迎您!
大连网信软件有限公司© 版权所有